00356nam a22001457a 4500020001800000082002300018100001200041245002800053260004500081300001000126650001400136650002200150650001500172700002300187 a9789393969774 aM GAN 181.4bGAN/H aGandhi  aHind Swaraj/cby Gandhi aKozhikode:bPavanatma Publishers,c2023. a152p. aGandhiana aPhilosophy Gandhi aPhilosophy aAppu Muttara (tr.)